1193 1396 1789 1231 1150 1343 1903 1909 1502 1906 1302 1294 1217 1977 1631 1834 1522 1694 1970 1019 1899 1057 1306 1917 1251 1430 1572 1192 1653 1934 1752 1108 1997 1585 1727 1086 1967 1427 1109 1081 1166 1915 1236 1528 1277 1173 1227 1303 1083 1189 1493 1436 1419 1733 1206 1889 1325 1111 1911 1451 1099 1216 1906 1551 1408 1799 1015 1361 1096 1963 1907 1676 1655 1793 1425 1753 1868 1852 1488 1761 1142 1797 1794 1592 1250 1192 1406 1389 1655 1627 1426 1605 1348 1066 1859 1732 1387 1159 1686 BCNSPRNW ULIB Ver.6.0+V

เปลี่ยนเป็นภาษาไทย

Change to English
 แสดงรายละเอียดบรรณานุกรม
  กลับหน้าหลัก

Brief Record : Get Marc (ISO 2709) : E-mail record : QR code < ปิดหน้าต่าง
LEADER : 00000nam 2200000uu 4500
001    13399112894
003     ULIB
008    110916s2552||||th 000 0 tha d
020    9786115000067
090    นว.^bณ410ป 2552
100 0  ณารา
245 00 ปฏิบัติการล่าตามหาหัวใจ/^cณารา
250    พิมพ์ครั้งที่ 4
260    กรุงเทพฯ :^bพิมพ์คำ,^c2552
300    384 หน้า
945    ^p250^l0^i16309
995    กัณชพร
999    ^aใช้งานได้ทุกระบบ
รายการนี้ยังไม่มีแท็ก
คุณยังไม่ได้ล็อกอิน คุณสามารถมีกิจกรรมร่วมกับเว็บไซต์ได้ แต่ต้องล็อกอินก่อน ::
  ล็อกอิน

รายการสื่อสารสนเทศ

ลำดับที่ ประเภท เลขเรียก/บาร์โค้ด สถานที่ สถานะ
1. นวนิยาย
นวนิยาย
นว. ณ410ป 2552  
  Barcode: 16309
ห้องสมุดวิทยาเขตสวรรค์ประชารักษ์
►นวนิยาย
บนชั้น
  ขอยืม

รายการใกล้เคียง
    ผู้แต่ง [ณารา]

BibComment


ยังไม่เคยถูกคอมเมนท์

คอมเมนท์ทรัพยากรรายการนี้
  คอมเมนท์: ปฏิบัติการล่าตามห..


 Copyright 2026. Bcnsprnw @Library